| 000 | 01351nam a2200205Ia 4500 | ||
|---|---|---|---|
| 999 |
_c47240 _d47240 |
||
| 001 | 14100 | ||
| 003 | GE_BSU | ||
| 005 | 20241105172031.0 | ||
| 008 | 181216s2014||||ge |||||||||||||| ||geo|| | ||
| 020 | _a19878745 | ||
| 040 | _cGE_BSU | ||
| 041 | _ageo | ||
| 080 | _a94(479.223)(063) ბ-179 | ||
| 245 |
_aბათუმი. წარსული და თანამედროვეობა. V. Batumi past and present : _bსაერთაშორისო სამეცნიერო კონფერენციის მასალები, ბათუმი, 2014წლის 1-2 სექტემბერი. |
||
| 264 |
_aბათუმი : _bბათუმის შოთა რუსთაველის სახ.უნ-ტი, _c2014. |
||
| 300 |
_a377გვ. ; _c27 სმ. |
||
| 653 | _aბათუმი. წარსული და თანამედროვეობა. V. Batumi past and present. საერთაშორისო სამეცნიერო კონფერენციის მასალები, ბათუმი, 2014წლის 1-2 სექტემბერი | ||
| 710 |
_aბათუმის შოთა რუსთაველის სახ. უნ-ტის ნიკო ბერძენიშვილის ინ-ტი _923632 |
||
| 942 |
_cBK _2udc |
||